El desarrollo sostenible ¿una utopía o una necesidad urgente? /

Detalles Bibliográficos
Autor principal: López Rodríguez, Ramón
Formato: Libro
Lenguaje:inglés

MARC

LEADER 00000cam a2200000 a 4500
001 040178
003 UAHC_CL
005 20170803124429.0
008 060714b xx j 000 1 eng
040 |a UAHC_CL  |c UAHC_CL  |d UAHC_CL 
100 1 |a López Rodríguez, Ramón 
245 1 3 |a El desarrollo sostenible ¿una utopía o una necesidad urgente? /  |c Ramón López. 
500 |a Revista Complutense de Educación. --Vol. 9, Nº2 (1998) pp. 257-274. 
900 |a REV. COMPLUT. EDUC.-02/98 
942 |c BK 
999 |c 40178  |d 40178